| Tag |
First Indicator |
Second Indicator |
Subfields |
| LEADER |
00000cam a2200000Mi 4500 |
| 001 |
in00005494635 |
| 006 |
m o d |
| 007 |
cr ||||||||||| |
| 008 |
201221s2021 enka fob 001 0 eng d |
| 005 |
20240923170331.4 |
| 035 |
|
|
|a (OCoLC)on1228351981
|
| 040 |
|
|
|a SGPBL
|b eng
|e rda
|e pn
|c SGPBL
|d OCLCO
|d OCLCF
|d K6U
|d OCLCO
|d OCLCQ
|d OCLCO
|d OCLCL
|
| 020 |
|
|
|a 9781529759105
|q (ebook)
|
| 020 |
|
|
|a 1529759102
|
| 035 |
|
|
|a (OCoLC)1228351981
|
| 043 |
|
|
|a s-pe---
|
| 050 |
|
4 |
|a LC3715
|b .J64 2021
|
| 082 |
0 |
4 |
|a 370.117
|
| 049 |
|
|
|a TXAM
|
| 100 |
1 |
|
|a Johnson, Kayla,
|e author.
|
| 245 |
1 |
0 |
|a Exploring the identities and experiences of rural first-generation Indigenous students using photo-cued interviewing /
|c Kayla M. Johnson and Joseph Levitan.
|
| 264 |
|
1 |
|a London :
|b SAGE Publications Ltd,
|c 2021.
|
| 300 |
|
|
|a 1 online resource :
|b illustrations.
|
| 336 |
|
|
|a text
|b txt
|2 rdacontent
|
| 337 |
|
|
|a computer
|b c
|2 rdamedia
|
| 338 |
|
|
|a online resource
|b cr
|2 rdacarrier
|
| 490 |
0 |
|
|a SAGE research methods cases
|
| 504 |
|
|
|a Includes bibliographical references and index.
|
| 520 |
8 |
|
|a This case study illustrates the use of photo-cued interviewing to improve postsecondary education for students from rural Indigenous communities in Peru. We explored (a) how access to postsecondary education influenced the identity development of rural first-generation Indigenous students in Peru, and (b) how postsecondary education can be improved to support their identities, needs, and goals. A total of 31 participants took photos that represented their response to "Who am I?" and how postsecondary education strengthened, threatened, or otherwise changed their identities. We then talked with the participants about what the photos represented about their identities and experiences. At the conclusion of the interviews, we invited participants to offer recommendations for improving postsecondary education to support students like themselves. Finally, in collaboration with the participants and local government authorities, we hosted a photo exhibition that depicted participants' experiences and invited policymakers and the public to consider how to better support rural first-generation Indigenous students. We reflect on our study--both our methods and the execution of our study overall--to offer practical lessons useful for educational researchers who plan to conduct similar action-oriented, student voice, and visual participatory work with Indigenous and other marginalized community members.
|
| 588 |
|
|
|a Description based on XML content.
|
| 650 |
|
0 |
|a Indigenous peoples
|x Education
|z Peru.
|
| 650 |
|
0 |
|a Indigenous peoples
|x Education (Higher)
|z Peru.
|
| 650 |
|
0 |
|a Interviewing.
|
| 650 |
|
6 |
|a Entretiens.
|
| 650 |
|
7 |
|a Indigenous peoples
|x Education
|2 fast
|
| 650 |
|
7 |
|a Indigenous peoples
|x Education (Higher)
|2 fast
|
| 650 |
|
7 |
|a Interviewing
|2 fast
|
| 651 |
|
7 |
|a Peru
|2 fast
|1 https://id.oclc.org/worldcat/entity/E39QbtfRwXyDPBcQmWxb7mRpGB
|
| 700 |
1 |
|
|a Levitan, Joseph,
|e author.
|
| 856 |
4 |
0 |
|u http://proxy.library.tamu.edu/login?url=https://methods.sagepub.com/case/identities-experiences-rural-first-gen-indigenous-photo-cued-interview
|z Connect to the full text of this electronic book
|t 0
|
| 955 |
|
|
|a SAGE eBooks
|
| 955 |
|
|
|a SAGE Research Methods Cases 1
|
| 994 |
|
|
|a 92
|b TXA
|
| 999 |
f |
f |
|s 49802d33-1bd7-4268-8453-6013238ae61e
|i 3d9630a7-60d4-4974-a097-e95212b8c1eb
|t 0
|
| 952 |
f |
f |
|a Texas A&M University
|b College Station
|c Electronic Resources
|d Available Online
|t 0
|e LC3715 .J64 2021
|h Library of Congress classification
|
| 998 |
f |
f |
|a LC3715 .J64 2021
|t 0
|l Available Online
|